| 000 | 00809nam a2200229Ii 4500 | ||
|---|---|---|---|
| 003 | JO-AjNU | ||
| 008 | 230605s9999||||xx |||||||||||||| ||und|| | ||
| 017 | _a1365/1988 | ||
| 040 |
_aJO-AjNU _bara _erda _cJO-AjNU |
||
| 041 | _aara | ||
| 050 | 1 | 4 | _aBP173.6.D8764.1988 |
| 100 | 3 |
_aتاليف الدوري، عبد العزيز, _eauthor _964142 |
|
| 245 | 0 | 0 | _aالنظم الاسلامية: الخلافة، الوزارة، النظم المالية، النظم الادارية |
| 250 | _aط1 | ||
| 264 | 3 | 1 | _aبغداد: بيت الحكمة، 1988 |
| 300 | _a177ص | ||
| 336 |
_atext _btxt _2rdacontent |
||
| 337 |
_aunmediated _bn _2rdamedia |
||
| 338 |
_avolume _bnc _2rdacarrier |
||
| 490 | 0 | _aسلسلة بيت الحكمة، 1 | |
| 650 | 4 |
_aالنظام المالي في الاسلام _964143 |
|
| 999 |
_aA29132 _c32700 _d32700 |
||